00525nam a22001697a 450000500170000001000150001702000230003203500140005503700130006908200110008210000190009324501150011226000350022727000490026230000200031150000240033120170504155059.0 aENG-118057 a9789381090879c500 aEN-101589 bDBAD/PUB a954.14 aBhim S. Dahiya aThe rise of haryana and the fall of democracy /cby Bhim S. DahiyabAn appraisal of its growth and performance bShanti Prakashanc2012aRohtak a1780, Sector-I, Delhi By Pass, Rohtak-124001 a184pc22cm.(Hb) aIncludes references